Guess the Beyblade - Statistics

General Stats
  • This quiz has been taken 298 times
  • The average score is 4 of 17
Answer Stats
Character Beyblade % Correct
Aiger Akabane Achilles
90%
Valt Aoi Valtryek
54%
Free De La Hoya Fafnir
51%
Shu Kurenai Spryzen
48%
Silas Karlisle Satomb
29%
Wakiya Murasaki Wyvron
25%
Dante Koryu Ace Dragon
24%
Phi Revive Phoenix
23%
Ilya Mao Magma Ifritor
17%
Rashad Goodman Glory Regnar
13%
Hyuga Hizashi Super Hyperion
13%
Lain Valhalla Vex Lucius
13%
Hikaru Hizashi Kolossal Helios
11%
Bel Daizora Destruction Belfyre
10%
Nika Aoi King Kerbeus
3%
Toko Aoi Raging
3%
Kristina Kuroda Raging Roktavor
3%
No matching quizzes found
Score Distribution
Percent of People with Each Score
Percentile by Number Answered
Your Score History
You have not taken this quiz